logo

Bir Sreshtho Munshi Abdur Rouf Library
Jhenaidah Cadet College

The poems of Robert Herrick / (Record no. 6103)

MARC details
000 -LEADER
fixed length control field 00665nam a22002412i 4500
001 - CONTROL NUMBER
JCCL Control Number 6103
003 - CONTROL NUMBER IDENTIFIER
JCCL marc code BD-JhCC
005 - DATE AND TIME OF LATEST TRANSACTION
control field 20220829134022.0
008 - FIXED-LENGTH DATA ELEMENTS--GENERAL INFORMATION
fixed length control field 860101s1965 xxk 000 0 eng d
035 ## - SYSTEM CONTROL NUMBER
system control number (BD-JhCC)6103
040 ## - CATALOGING SOURCE
Original cataloging agency UKM
Transcribing agency UKM
Modifying agency EQO
-- BD-JhCC
041 ## - LANGUAGE CODE
Language code of Book eng
082 ## - DEWEY DECIMAL CLASSIFICATION NUMBER
Classification number 821.08
DDC Edition number 18
100 1# - MAIN ENTRY--PERSONAL NAME
Personal name Herrick, Robert,
Dates associated with a name 1591-1674.
245 14 - TITLE STATEMENT
Title The poems of Robert Herrick /
Statement of responsibility, etc edited by L. C. Martin
260 ## - PUBLICATION, DISTRIBUTION, ETC. (IMPRINT)
Place of publication, distribution, etc London ;
Date of publication, distribution, etc 1965 .
Name of publisher, distributor, etc Oxford University Press :
300 ## - PHYSICAL DESCRIPTION
Pagination 478 p. ;
Dimensions 23 cm,
490 1# - SERIES STATEMENT
Series statement Oxford standard authors
504 ## - BIBLIOGRAPHY, ETC. NOTE
Bibliography, etc Includes Index
650 ## - SUBJECT ADDED ENTRY--TOPICAL TERM
Topical term or geographic name as entry element English Poetry
830 #0 - SERIES ADDED ENTRY--UNIFORM TITLE
Uniform title Oxford standard authors
942 ## - ADDED ENTRY ELEMENTS (KOHA)
Source of classification or shelving scheme Dewey Decimal Classification
Koha item type Books
Koha issues (borrowed), all copies 1
Holdings
Source of classification or shelving scheme Damaged status Not for loan Home library Current library Shelving location Date of accession Total Checkouts Full call number Barcode Date last seen Date checked out Copy number Koha item type
Dewey Decimal Classification     JCC Rouf Library JCC Rouf Library General Stacks 01/01/2018 1 821.08 HER 8490 11/17/2022 08/29/2022 C-1 Books

JCC Library | Contacts | JCC Home

Last Update on 23 September 2017
Copyright @ 2017-2020 JCC Rouf Library
Rouf Library, Jhenidah Cadet College (JCC), Bangladesh